| 000 | 00761nam a2200253Ia 4500 | ||
|---|---|---|---|
| 003 | OSt | ||
| 005 | 20221007101438.0 | ||
| 006 | a|||||r|||| 00| 0 | ||
| 007 | ta | ||
| 008 | 221006b |||||||| |||| 00| 0 eng d | ||
| 024 | _a6,472 | ||
| 037 | _cTextual | ||
| 040 |
_aLCO _cLCO _beng |
||
| 041 |
_2eng _aeng |
||
| 082 | _aY110bZ2,9541, L4 | ||
| 100 |
_aMukherjee Satyanshu Kumar _9375374 |
||
| 245 | 0 | _aAdministration of Juvenile Correctional Institution | |
| 260 |
_aNew _bDelhi Sterling Publication Pvt. Ltd. India _c1974 |
||
| 300 | _a304 | ||
| 500 | _aA Comparative Study in Delhi and Maharashtra | ||
| 650 |
_aJUVENILE _9475522 |
||
| 942 |
_hY110bZ2,9541, L4 _cTEXL |
||
| 999 |
_c1176035 _d1176035 |
||